The effects of greater economic integration within the European community on the United States: First follow-up report

Tallennettuna:
Bibliografiset tiedot
Aineistotyyppi: Kirja
Kieli:Undetermined
Julkaistu: Washington United States International Trade Commisson 1990
Aiheet:
Tagit: Lisää tagi
Ei tageja, Lisää ensimmäinen tagi!
Thư viện lưu trữ: Trung tâm Học liệu Trường Đại học Cần Thơ
LEADER 00642nam a2200181Ia 4500
001 CTU_89155
008 210402s9999 xx 000 0 und d
082 |a 382 
082 |b E27 
245 4 |a The effects of greater economic integration within the European community on the United States: First follow-up report 
260 |a Washington 
260 |b United States International Trade Commisson 
260 |c 1990 
650 |a European economic community,Europe 1992,United States 
650 |x Commerce 
650 |z European economic community countries 
904 |i Tuyến 
980 |a Trung tâm Học liệu Trường Đại học Cần Thơ